Giáo trình cờ vua : giáo trình cao đẳng sư phạm
Sparad:
| Materialtyp: | Bok |
|---|---|
| Språk: | Vietnamese |
| Publicerad: |
Đại học sư phạm
2007
|
| Taggar: |
Lägg till en tagg
Inga taggar, Lägg till första taggen!
|
| Thư viện lưu trữ: | Mạng thư viện Đại học Đà Nẵng |
|---|
| LEADER | 00705nam a2200241 4500 | ||
|---|---|---|---|
| 001 | 000022079 | ||
| 003 | 18527 | ||
| 005 | 20150424140407.0 | ||
| 008 | 150424s2007 viesd | ||
| 020 | |c 46000 | ||
| 041 | 0 | |a vie | |
| 082 | 1 | 4 | |a 794,1 |b Gi-T |
| 245 | 1 | 0 | |a Giáo trình cờ vua : giáo trình cao đẳng sư phạm |c Đàm Quốc Chính(chủ biên), Nguyễn Hông Dương, Ngô Trang Hưng, Nguyễn Mạnh Tuấn |
| 260 | |b Đại học sư phạm |c 2007 | ||
| 300 | |a tr. |c cm. | ||
| OWN | |a LSP | ||
| 999 | |a From the UDN01 | ||
| TYP | |a Monograph | ||
| TYP | |a Printed language | ||
| 980 | |a Mạng thư viện Đại học Đà Nẵng | ||